000 00462nam a2200157Ia 4500
003 OSt
005 20230525141142.0
008 211028s2010 xx 000 0 und d
040 _cAIMIT LIBRARY
041 _aeng
100 _aHegde, Pooja S; Maheshwari, Uma.
_g81813
_99126
110 _aUma Maheshwari
_99127
245 _aInsilico analysis of the Neurotoxin from the Venom of king cobra Ophiophagus Hannah.
260 _aMangalore
_c2010
942 _2ddc
_cPRO
999 _c220226
_d220226